000 00448nmm a2200169Ia 4500
008 251105s9999||||xx |||||||||||||||||und||
020 _a9788483590331
041 _aspa
100 _aPuerto, José Luis
245 0 _aProteger las moradas
264 _a[Madrid, España] :
_bCalambur,
_c2008
300 _a122 páginas
490 _aPoesía
650 _aSpanish poetry
856 _uhttps://public.digitaliapublishing.com/a/914
942 _cCF
999 _c86125
_d86125